[Event "Mistrzostwa Miedzywojewodzkie Juniorek OP-SL D 15"]
[Site "Szczyrk"]
[Date "2012-10-21"]
[Round "8.1"]
[White "Szablicka, Magda"]
[Black "Grzesiek, Wiktoria"]
[Result "0-1"]
[WhiteTitle "II"]
[BlackTitle "II"]
[WhiteElo "1443"]
[BlackElo "1376"]

1. e4 c5 2. Nc3 Nc6 3. Nf3 Nf6 4. Bc4 e6 5. d4 cxd4 6. Nxd4 Bb4 7. Nxc6 bxc6 8.
Qf3 O-O 9. Bg5 Be7 10. e5 Nd5 11. Bxe7 Qxe7 12. O-O Qg5 13. Rfe1 Rb8 14. Bb3 Rb4
15. Re4 Rxe4 16. Qxe4 Nb6 17. f4 Qe7 18. Rd1 Kh8 19. Qd3 Qc5+ 20. Qd4 Qxd4+ 21.
Rxd4 f6 22. exf6 Rxf6 23. Na4 Nd5 24. Bxd5 exd5 25. Rb4 h6 26. Rb8 Rf8 27. Ra8
Kh7 28. g3 Re8 29. Kf2 d6 30. Nc3 a6 31. Ne2 c5 32. Ng1 Kg8 33. h4 Kf7 34. Nf3
d4 35. Ne1 Bb7 36. Ra7 Re7 37. b3 Bc8 38. Ra8 Bg4 39. Nf3 Bxf3 40. Kxf3 Re3+ 41.
Kf2 Rc3 42. Rxa6 Rxc2+ 43. Kf1 Ke6 44. g4 Rh2 45. h5 d3 46. Ke1 Rg2 47. f5+ Ke5
48. Ra4 d5 49. a3 Re2+ 50. Kd1 Re4 51. Ra5 c4 52. bxc4 Rxc4 53. Ra6 Rxg4 54. Rg6
Kxf5 55. Rxg4 Kxg4 56. a4 Kxh5 57. a5 g5 58. a6 g4 59. a7 g3 60. a8=Q Kh4 61.
Qxd5 Kg4 62. Qe6+ Kf3 63. Qf5+ Kg2 64. Qg4 Kf2 65. Qf4+ Kg2 66. Qxh6 Kg1 67. Ke1
g2 0-1

[Event "Mistrzostwa Miedzywojewodzkie Juniorek OP-SL D 15"]
[Site "Szczyrk"]
[Date "2012-10-21"]
[Round "8.2"]
[White "Kowacz, Agnieszka"]
[Black "Sendobry, Anna"]
[Result "1-0"]
[WhiteTitle "II"]
[BlackTitle "II"]
[WhiteElo "1386"]
[BlackElo "1328"]

1. e4 e5 2. Nc3 Nc6 3. Nf3 Nf6 4. Bc4 Bc5 5. d3 h6 6. Be3 Bb6 7. a3 d6 8. Ne2 O-O
9. c3 Ng4 10. Bxb6 axb6 11. h3 Nf6 12. Ng3 Ne7 13. d4 exd4 14. cxd4 d5 15. exd5
Nexd5 16. O-O Nf4 17. Re1 Be6 18. Bxe6 Nxe6 19. Qd2 Qd7 20. Rad1 Rfd8 21. Nf5
Kh7 22. Ne5 Qe8 23. g3 Ra4 24. Nf3 Qf8 25. Qc2 Ra5 26. Nd6+ Kg8 27. Nxb7 Rad5
28. Nxd8 Qxd8 29. Qc3 c5 30. Ne5 Nxd4 31. Rd3 Qd6 32. Rde3 Nd7 33. Nxd7 Qxd7 34.
Re8+ Kh7 35. Qd3+ Qf5 36. Qxf5+ Rxf5 37. Kg2 Nb3 38. R8e5 Rf6 39. R1e3 Nc1 40.
Rf3 Rxf3 41. Kxf3 Nd3 42. Re2 Kg6 43. Ke4 Nc1 44. Rc2 Na2 45. b3 1-0

[Event "Mistrzostwa Miedzywojewodzkie Juniorek OP-SL D 15"]
[Site "Szczyrk"]
[Date "2012-10-21"]
[Round "8.3"]
[White "Kotula, Magdalena"]
[Black "Rolka, Anna"]
[Result "1/2-1/2"]
[WhiteTitle "II+"]
[BlackTitle "II"]
[WhiteElo "1478"]
[BlackElo "1515"]

1. e4 c5 2. Nf3 e6 3. d4 cxd4 4. Qxd4 Nc6 5. Qd1 Qc7 6. Bd3 Nf6 7. O-O Be7 8. Nc3
a6 9. Qe2 d6 10. Bf4 O-O 11. e5 dxe5 12. Bxe5 Nxe5 13. Qxe5 Qxe5 14. Nxe5 Rd8
15. Rad1 Bd7 16. Ne4 Be8 17. Rfe1 b5 18. c3 Rab8 19. Kf1 Rd5 20. Nxf6+ Bxf6 21.
Nf3 Rbd8 22. Bc2 h6 23. Bb3 Rxd1 24. Rxd1 Rxd1+ 25. Bxd1 Kf8 26. Ke2 Ke7 27. Kd3
Bc6 28. g3 Kd6 29. Nd4 Bxd4 30. Kxd4 e5+ 31. Ke3 Bd5 32. b3 a5 33. h4 f6 34. Bc2
Ke6 35. Bd3 Bc6 36. g4 Kd6 37. Be4 Bd5 38. Bd3 1/2-1/2

[Event "Mistrzostwa Miedzywojewodzkie Juniorek OP-SL D 15"]
[Site "Szczyrk"]
[Date "2012-10-21"]
[Round "8.4"]
[White "Mielczarek, Joanna"]
[Black "Kaszok, Weronika"]
[Result "1-0"]
[WhiteTitle "I"]
[BlackTitle "II"]
[WhiteElo "1432"]
[BlackElo "1386"]

1. e4 e5 2. Nf3 Nc6 3. Bc4 Nf6 4. Nc3 Bc5 5. d3 d6 6. h3 h6 7. O-O O-O 8. Na4 Bb6
9. Nxb6 axb6 10. a3 Bd7 11. Be3 Re8 12. Nh2 Ne7 13. f4 c6 14. fxe5 dxe5 15. Bxh6
gxh6 16. Rxf6 Rf8 17. Qh5 1-0

[Event "Mistrzostwa Miedzywojewodzkie Juniorek OP-SL D 15"]
[Site "Szczyrk"]
[Date "2012-10-21"]
[Round "9.1"]
[White "Rolka, Anna"]
[Black "Mielczarek, Joanna"]
[Result "0-1"]
[WhiteTitle "II"]
[BlackTitle "I"]
[WhiteElo "1515"]
[BlackElo "1432"]

1. d4 Nf6 2. Nf3 g6 3. b3 Bg7 4. Bb2 O-O 5. e3 d5 6. Be2 Bg4 7. Nbd2 Nbd7 8. O-O
e6 9. Ne5 Bxe2 10. Qxe2 Nxe5 11. dxe5 Nd7 12. f4 f6 13. exf6 Bxf6 14. Bxf6 Nxf6
15. c3 c6 16. Kh1 Qc7 17. h3 Nh5 18. Qe1 e5 19. g4 Ng7 20. fxe5 Rxf1+ 21. Nxf1
Qxe5 22. Rc1 Rf8 23. Qe2 Ne6 24. Qg2 Ng5 25. Kg1 Nf3+ 26. Kh1 Nh4 27. Qh2 Qe4+
28. Kg1 Nf3+ 0-1

[Event "Mistrzostwa Miedzywojewodzkie Juniorek OP-SL D 15"]
[Site "Szczyrk"]
[Date "2012-10-21"]
[Round "9.2"]
[White "Sendobry, Anna"]
[Black "Kotula, Magdalena"]
[Result "0-1"]
[WhiteTitle "II"]
[BlackTitle "II+"]
[WhiteElo "1328"]
[BlackElo "1478"]

1. e4 c5 2. Nf3 a6 3. d4 cxd4 4. Nxd4 Nf6 5. Nc3 e5 6. Nf5 d5 7. Ng3 d4 8. Nb1
Nc6 9. Bd3 Be7 10. O-O h5 11. h3 h4 12. Nh1 Be6 13. f3 Nh5 14. Nf2 Bg5 15. Ng4
Bxc1 16. Qxc1 Nf4 17. Qd2 Qg5 18. Rf2 g6 19. Kh1 f5 20. Nh2 a5 21. a3 a4 22. Bb5
Kf7 23. Bd3 Na5 24. Qb4 Nxd3 25. cxd3 Nb3 26. Qxb7+ Qe7 27. Qxe7+ Kxe7 28. Ra2
Nc1 29. Ra1 Nxd3 30. Rc2 Rhc8 31. Rxc8 Rxc8 32. Nd2 Rc2 33. Nhf1 Rxb2 34. exf5
gxf5 35. Kg1 Bd5 36. Rb1 e4 37. fxe4 fxe4 38. Rxb2 Nxb2 0-1

[Event "Mistrzostwa Miedzywojewodzkie Juniorek OP-SL D 15"]
[Site "Szczyrk"]
[Date "2012-10-21"]
[Round "9.3"]
[White "Grzesiek, Wiktoria"]
[Black "Kowacz, Agnieszka"]
[Result "1-0"]
[WhiteTitle "II"]
[BlackTitle "II"]
[WhiteElo "1376"]
[BlackElo "1386"]

1. e4 c5 2. Nf3 Nc6 3. d4 e6 4. Nc3 a6 5. Be2 b5 6. dxc5 Bxc5 7. O-O Nge7 8. Bf4
Bb7 9. Qd2 Ng6 10. Bg3 Nce7 11. Rfd1 Bc6 12. a3 f5 13. exf5 Nxf5 14. b4 Bb6 15.
Re1 Nxg3 16. hxg3 O-O 17. Qd3 Rc8 18. Ne4 Bxe4 19. Qxe4 Qc7 20. Rac1 Rf5 21. Bd3
Rf6 22. Re2 d5 23. Qg4 e5 24. Bxg6 Rxg6 25. Qf5 Qc3 26. Qxe5 Qxa3 27. Qxd5+ Kh8
28. Rce1 h6 29. Re8+ Rxe8 30. Rxe8+ 1-0

[Event "Mistrzostwa Miedzywojewodzkie Juniorek OP-SL D 15"]
[Site "Szczyrk"]
[Date "2012-10-21"]
[Round "9.4"]
[White "Binkowska, Agata"]
[Black "Szablicka, Magda"]
[Result "1-0"]
[WhiteTitle "I"]
[BlackTitle "II"]
[WhiteElo "1588"]
[BlackElo "1443"]

1. e4 e5 2. Nf3 Nc6 3. Bb5 Nf6 4. d3 d6 5. h3 Bd7 6. c3 a6 7. Ba4 Be7 8. O-O O-O
9. Nbd2 h6 10. Re1 b5 11. Bc2 Be6 12. d4 exd4 13. cxd4 Bc8 14. Nf1 Bb7 15. g4
Nh7 16. Ng3 Ng5 17. Bxg5 Bxg5 18. a3 Re8 19. Qd3 g6 20. b4 Qf6 21. Bb3 Rad8 22.
Kg2 Ba8 23. Rad1 Na7 24. Qc2 Rd7 25. Rd3 Bf4 26. Rc3 Ree7 27. d5 Nc8 28. Ne2 Be5
29. Rd3 Nb6 30. Re3 g5 31. Nxe5 Qxe5 32. Ng3 Qf6 33. Rf3 Qg6 34. Nh5 Rd8 35. Ree3
Nxd5 36. exd5 Qxc2 37. Bxc2 Rxe3 38. fxe3 Bxd5 39. Nf6+ Kg7 40. Nxd5 c5 41. Nc7
cxb4 42. Nxa6 bxa3 43. Nb4 Rc8 44. Bb3 Rc3 45. Bxf7 Rc1 46. Ba2 Rd1 47. Rf7+ Kh8
48. Rb7 d5 49. Rxb5 d4 50. e4 d3 51. Rd5 d2 52. Kf2 Re1 53. Rd8+ Kg7 54. Rd7+
Kh8 55. Rxd2 Rxe4 56. Nd5 Re5 57. Ne3 Re8 58. Nf5 h5 59. gxh5 Rf8 60. Rd5 Rb8
61. Kg3 Rb2 62. Rd8+ Kh7 63. Bg8+ Kh8 64. Bf7+ Kh7 65. Bg6# 1-0